Roi -> reine (mérovingiens et carolingiens) - Statistiques

Statistiques générales
  • Ce quiz a été pris 10 fois
  • Le résultat moyen est 5 sur 26
Statistiques - réponses
Hint Réponse % Correct
Clovis Ier Sainte Clotilde
63%
Childéric Ier Basine de Thuringe
38%
Charlemagne Hildegarde de Vintzgau
38%
Lothaire Emma d'Italie
25%
Chilpéric Ier Frédégonde
25%
Clodomir Gondioque
25%
Clovis II Sainte Bathilde
25%
Louis II le Bègue Ansgarde de Bourgogne
13%
Gontran Austregilde
13%
Pépin le Bref Bertrade de Laon
13%
Childéric II Bilichilde
13%
Sigebert Ier Brunehaut
13%
Sigebert III Chimnechilde
13%
Thierry III Clotilde Doda
13%
Charles III le Simple Edwige de Wessex
13%
Louis Ier le Pieux Ermengarde de Hesbaye
13%
Charles II le Chauve Ermentrude d'Orléans
13%
Caribert II Fulberte
13%
Louis IV d'Outremer Gerberge de Saxe
13%
Caribert Ier Méroflède
13%
Clotaire Ier Sainte Radegonde
13%
Clotaire II Sichilde
13%
Thierry Ier Suavegote
13%
Childebert Ier Ultrogote
13%
Childebert II Faileube
0%
Dagobert Ier Nantilde
0%
Aucun quiz correspondant
Distribution des résultats
% des personnes avec chaque résultat
Percentile par nombre de réponses
Votre historique - résultats
Vous n’avez pas pris ce quiz